Nové učebnice matematiky pre stredné školy - pohľad gestora projektu

Bibliographic Details
Main Author: Hecht, Tomáš, 1948- (Author)
Format: Article
Language:Slovak
ISSN:1335-0404
Subjects:

MARC

LEADER 00000nab a2200000 a 4500
001 vtls000703055
003 SK-MaSNL
005 20260303213016.0
008 150305c1999 xo 0 slo
015 |a SNBRB1999/10-23686 
035 |a CLN000055222 
040 |a SNKBUCL  |b slo  |c SNKBUCL  |e AACR2 
041 0 |a slo 
044 |a xo  |c SK 
080 |a 371.671:51  |2 1997 
080 |a 372.851  |2 1997 
100 1 |a Hecht, Tomáš,  |d 1948-  |4 aut  |9 93482 
245 1 0 |a Nové učebnice matematiky pre stredné školy - pohľad gestora projektu  |c T. Hecht 
650 0 7 |a matematika  |x vyučovanie  |x učebnice  |x školy stredné  |2 snkbucl  |9 1246382 
650 0 7 |a stredné školy  |2 snkbucl  |9 1279 
655 7 |a články z novín a časopisov  |2 snkbucl  |9 267496 
773 0 |t Pedagogické rozhľady  |g Roč. 8, č. 4 (1999), s. 33-35  |x 1335-0404 
850 |a Slovenská národná knižnica v Martine 
852 |a SNK  |b KIS3GCP 
958 |a SK 
992 |a RBX 
999 |c 2210213  |d 2212143